| 000 | 00688nam a2200193 a 4500 | ||
|---|---|---|---|
| 003 | 0 | ||
| 005 | 20250307111225.0 | ||
| 008 | 101013s19uu xx 00 eng d | ||
| 050 |
_aPHS QM 695 _b.G98 2010 |
||
| 100 | _aGutierrez, Jessica Irene Manalo. | ||
| 245 |
_aBody mass index and body image of students / _cJessica Irene Manalo Gutierrez. |
||
| 260 |
_aLas PiƱas City, Philippines : _bSouthville International School and Colleges, _c2010. |
||
| 300 |
_a27 pages : _billustrations ; _c30 cm. |
||
| 504 | _aIncludes bibliographical references. | ||
| 650 | _aBody mass index. | ||
| 650 | _aBody image in adolescence. | ||
| 650 | _aSelf-perception in adolescence. | ||
| 942 |
_2lcc _cPASS |
||
| 999 |
_c98455 _d98455 |
||